Reloj de sol (Record no. 127099)

MARC details
000 -LEADER
campo de control de longitud fija 00600nam a2200205 4500
001 - NÚMERO DE CONTROL
campo de control 127099
003 - IDENTIFICADOR DE NÚMERO DE CONTROL
campo de control ES-MaACL
005 - FECHA Y HORA DE LA ÚLTIMA TRANSACCIÓN
campo de control 20230906192938.0
007 - CAMPO FIJO DE DESCRIPCIÓN FÍSICA--INFORMACIÓN GENERAL
campo de control de longitud fija t|
008 - DATOS DE LONGITUD FIJA--INFORMACIÓN GENERAL
campo de control de longitud fija 070214s1926 sp |||| | spa d
080 ## - NÚMERO DE LA CLASIFICACIÓN DECIMAL UNIVERSAL
Número de la Clasificación Decimal Universal 821.134.2(72)"19"
100 1# - ENTRADA PRINCIPAL--NOMBRE DE PERSONA
Nombre de persona Reyes, Alfonso,
Fechas asociadas al nombre 1889-1959
9 (RLIN) 96554
245 10 - MENCIÓN DEL TÍTULO
Título Reloj de sol
Resto del título : quinta serie de Simpatías y diferencias /
Mención de responsabilidad, etc. Alfonso Reyes.
246 38 - FORMA VARIANTE DEL TITULO
Título propio/Titulo breve Simpatías y diferencias
260 ## - PUBLICACIÓN, DISTRIBUCIÓN, ETC.
Lugar de publicación, distribución, etc. Madrid :
Nombre del editor, distribuidor, etc. [s.n.],
Fecha de publicación, distribución, etc. 1926 (
Fabricante Tip. Artística)
300 ## - DESCRIPCIÓN FÍSICA
Extensión 207 p. ;
Dimensiones 18 cm.
500 ## - NOTA GENERAL
Nota general En el lomo: V.
852 ## - LOCALIZACIÓN
Ubicación ES-MaACL
Número de control de estantería F-3352
Holdings
Estatus retirado Estado de pérdida Estado de daño No para préstamo Biblioteca de origen Biblioteca actual Ubicación en estantería Fecha de adquisición Fuente de adquisición Total de préstamos Signatura topográfica completa Código de barras Visto por última vez Precio de reemplazo Tipo de ítem Koha
        Biblioteca del Ateneo de Madrid Biblioteca del Ateneo de Madrid Depósito 2 17/01/2008     F-3352 1132379 23/02/2023 23/02/2023 Libro impreso